000 00655 a2200157 4500
999 _c9238
_d9238
020 _a9789211542158
050 _aK5104 MOV 2014
100 _aUnited Nations: Office Of The High Commissioner For Human Rights
245 _aMoving away from the death penalty :
_barguments, trends and perspectives /
_cUnited Nations: Office Of The High Commissioner For Human Rights
264 _aNew York ;
_bUnited Nations: Office Of The High Commissioner For Human Rights,
_c2014.
300 _a298p. :
500 _aIncludes bibliographical references
650 _aCapital punishment
650 _aDiscrimination in capital punishment
942 _2lcc
_cBK
_h5104
_iMOV
_kK